World Capitals Closest to Ljubljana - One Minute Sprint - Statistics

General Stats
  • This quiz has been taken 36 times
  • The average score is 15 of 20
Answer Stats
km capital % Correct
117 Zagreb
97%
305 Bratislava
94%
278 Vienna
94%
381 Budapest
91%
393 Sarajevo
91%
485 Belgrade
88%
550 Bern
84%
490 Rome
84%
724 Berlin
75%
446 Prague
75%
286 San Marino
75%
678 Tirana
75%
553 Podgorica
72%
491 Vatican City
72%
715 Skopje
66%
401 Vaduz
63%
650 Pristina
59%
614 Monaco
50%
795 Sofia
50%
740 Luxembourg
31%
No matching quizzes found
Score Distribution
Percent of People with Each Score
Percentile by Number Answered
Your Score History
You have not taken this quiz